Water stress induced changes in water relations and differential accumulation of soluble sugars and proine in Hevea clones (Record no. 74478)

MARC details
000 -LEADER
fixed length control field 00493nam a2200145Ia 4500
100 ## - MAIN ENTRY--AUTHOR NAME
Personal name Maneesha, M.G.
245 #0 - TITLE STATEMENT
Title Water stress induced changes in water relations and differential accumulation of soluble sugars and proine in Hevea clones
260 ## - PUBLICATION, DISTRIBUTION, ETC. (IMPRINT)
Name of publisher Mahatma Gandhi University
Place of publication Kottayam
Year of publication 2009
300 ## - PHYSICAL DESCRIPTION
Number of Pages 12
500 ## - GENERAL NOTE
General note Available in Physiology (G1269)
500 ## - GENERAL NOTE
General note Course: M.Sc.
700 ## - ADDED ENTRY--PERSONAL NAME
Personal name Jayasree Gopalakrishnan
942 ## - ADDED ENTRY ELEMENTS (KOHA)
Koha item type Theses
Holdings
Withdrawn status Lost status Damaged status Not for loan Collection code Home library Current library Shelving location Date acquired Koha item type
      Theses Dissertation RRII Library RRII Library Crop physiology 31/12/2021 Theses